000 00373nam a2200133 a 4500
001 000042230
005 20201002040022.0
008 131120s19uu nq 000 0 spa d
040 _aDO-SdBNP
_bspa
_cBNPHU
100 1 _aGrullon, Sandino
_92870
245 1 0 _aPreso por Nicaragua. /
_cSandino Grullon.
260 _a[Nicaragua], :
_b[s.d.],
_c[19uu].
300 _a85 p. ;
_c21 cm.
999 _c41719
_d41719